拼音以P开头的中国城市 Chinese cities whose pinyin begins with P - Statistics

General Stats
  • This quiz has been taken 94 times
  • The average score is 11 of 18
Answer Stats
七普人口 DWUA 省份 行政类别 城市 % Correct
138 168 福建 地级市 莆田
92%
64 62 河南 地级市 濮阳
90%
94 97 辽宁 地级市 盘锦
85%
99 95 河南 地级市 平顶山
85%
67 62 四川 地级市 攀枝花
82%
61 江西 地级市 萍乡
81%
29 云南 地级市 普洱
81%
32 甘肃 地级市 平凉
78%
49 142 广东 县级市 普宁
64%
27 贵州 县级市 盘州
49%
60 江苏 县级市 邳州
47%
24 广西 县级市 平果
47%
29 54 浙江 县级市 平湖
47%
39 山东 县级市 平度
44%
32 四川 县级市 彭州
38%
12 吉林 县级市 磐石
34%
17 河北 县级市 平泉
32%
7 广西 县级市 凭祥
30%
No matching quizzes found
Score Distribution
Percent of People with Each Score
Percentile by Number Answered
Your Score History
You have not taken this quiz